| Tag |
First Indicator |
Second Indicator |
Subfields |
| LEADER |
00000pam a2200000 a 4500 |
| 001 |
in00000092910 |
| 005 |
20150923173402.0 |
| 008 |
811006s1982 njua 00110 eng |
| 010 |
|
|
|a 81017809
|
| 020 |
|
|
|a 0135367220 :
|c $27.95
|
| 035 |
|
|
|a (OCoLC)07925699
|
| 035 |
|
|
|9 AAK7918AM
|
| 039 |
0 |
|
|a 2
|b 3
|c 3
|d 3
|e 3
|
| 040 |
|
|
|a DLC
|c DLC
|d TXA
|d UtOrBLW
|
| 049 |
|
|
|a TXAM
|c [1655948]
|
| 050 |
0 |
0 |
|a TK454
|b V35
|
| 082 |
0 |
|
|a 621.319/2
|2 19
|
| 100 |
1 |
|
|a Van Valkenburg, M. E.
|q (Mac Elwyn),
|d 1921-1997.
|
| 245 |
1 |
0 |
|a Linear circuits /
|c M.E. Van Valkenburg, B.K. Kinariwala.
|
| 264 |
|
1 |
|a Englewood Cliffs, N.J. :
|b Prentice-Hall,
|c [1982]
|
| 264 |
|
4 |
|c ©1982
|
| 300 |
|
|
|a xiii, 427 pages :
|b illustrations ;
|c 24 cm.
|
| 336 |
|
|
|a text
|b txt
|2 rdacontent
|
| 337 |
|
|
|a unmediated
|b n
|2 rdamedia
|
| 338 |
|
|
|a volume
|b nc
|2 rdacarrier
|
| 500 |
|
|
|a Includes index.
|
| 650 |
|
0 |
|a Electric circuits, Linear.
|
| 700 |
1 |
|
|a Kinariwala, B. K.
|
| 999 |
|
|
|a MARS
|
| 999 |
f |
f |
|s 729ba1d3-b896-3ea3-b430-c7e9195eaa86
|i 0dc342a9-a820-3674-93a5-5616e2178b12
|t 0
|
| 952 |
f |
f |
|p normal
|a Texas A&M University
|b College Station
|c Sterling C. Evans Library
|d Evans: Library Stacks
|t 0
|e TK454 V35
|h Library of Congress classification
|i unmediated -- volume
|m A14806013503
|
| 998 |
f |
f |
|a TK454 V35
|t 0
|l Evans: Library Stacks
|